[Event "XII Open"]
[Site "Condino ITA"]
[Date "2012.07.22"]
[Round "1"]
[White "Agostinetto, Alessandro"]
[Black "Poletti, Fausto"]
[WhiteElo "1656"]
[BlackElo "1950"]
[Result "0-1"]
[PlyCount "92"]
[EventDate "2012.07.22"]

1. e4 c5 2. Nf3 Nc6 3. d4 cxd4 4. Nxd4 Nf6 5. Nc3 e5 6. Nf3 Bb4 7. Bd2 O-O 8.
Bd3 d5 9. exd5 Nxd5 10. Nxd5 Qxd5 11. Bxb4 Nxb4 12. a3 Nxd3+ 13. Qxd3 Qxd3 14.
cxd3 Rd8 15. O-O-O Bg4 16. Rhe1 Bxf3 17. gxf3 f6 18. Re4 Rd7 19. Kc2 g5 20. h3
Rad8 21. Rd2 Rd4 22. Rd1 Kf7 23. h4 h6 24. hxg5 hxg5 25. Rxd4 Rxd4 26. Re1 Rf4
27. Re3 g4 28. fxg4 Rxf2+ 29. Kc3 Rf4 30. g5 fxg5 31. Rxe5 Kg6 32. Re7 Rf7 33.
Re2 g4 34. Re4 Kg5 35. Re1 g3 36. Rg1 Kg4 37. Kd4 Rf2 38. b3 g2 39. Ke3 Kg3 40.
d4 Rb2 41. b4 Rb3+ 42. Ke4 Rxa3 43. Kd5 Rc3 44. b5 Kf2 45. Rxg2+ Kxg2 46. Kd6
a5 0-1

[Event "XII Open"]
[Site "Condino ITA"]
[Date "2012.07.22"]
[Round "1"]
[White "Barucco, Mattia"]
[Black "Forno, Diego"]
[WhiteElo "2000"]
[BlackElo "1715"]
[Result "1-0"]
[PlyCount "63"]
[EventDate "2012.07.22"]

1. e4 d6 2. d4 Nf6 3. Nc3 g6 4. f4 Bg7 5. Nf3 O-O 6. Be3 Nbd7 7. Qd2 c6 8.
O-O-O b5 9. Bd3 Qa5 10. Kb1 Re8 11. e5 Ng4 12. Bg1 b4 13. Ne4 d5 14. Ng3 e6 15.
h3 Nh6 16. Ne2 Nb6 17. b3 Ba6 18. Bxa6 Qxa6 19. g4 Qb7 20. Be3 a5 21. f5 Nxf5
22. gxf5 exf5 23. Bh6 Bxh6 24. Qxh6 a4 25. Ng5 f6 26. exf6 axb3 27. axb3 Rxe2
28. f7+ Qxf7 29. Nxf7 Nc4 30. bxc4 b3 31. Rd2 bxc2+ 32. Rxc2 1-0

[Event "XII Open"]
[Site "Condino ITA"]
[Date "2012.07.22"]
[Round "1"]
[White "Benso, Alberto"]
[Black "Forno, Roberto"]
[WhiteElo "1410"]
[BlackElo "1883"]
[Result "0-1"]
[PlyCount "62"]
[EventDate "2012.07.22"]

1. e4 g6 2. d4 Bg7 3. Nf3 d6 4. Nc3 Bg4 5. Be2 Nc6 6. Bf4 Bxf3 7. Bxf3 Nxd4 8.
O-O e5 9. Be3 Ne7 10. Re1 O-O 11. Bg4 f5 12. exf5 gxf5 13. Bh5 Ne6 14. Nd5 c6
15. Nxe7+ Qxe7 16. Kh1 d5 17. Rg1 e4 18. g4 f4 19. Bd2 Qh4 20. c3 Ng5 21. Qe2
Be5 22. Rg2 f3 23. Qf1 fxg2+ 24. Qxg2 Nf3 25. Bh6 Nxh2 26. Kg1 Rf3 27. Re1 Bg3
28. Re2 Rd3 29. Re1 Bxf2+ 30. Qxf2 Rg3+ 31. Qxg3 Qxg3+ 0-1

[Event "XII Open"]
[Site "Condino ITA"]
[Date "2012.07.22"]
[Round "1"]
[White "Bortolotti, Silvano"]
[Black "Popa, Claudiu"]
[WhiteElo "1772"]
[BlackElo "2146"]
[Result "1/2-1/2"]
[PlyCount "72"]
[EventDate "2012.07.22"]

1. e4 e5 2. Nf3 Nc6 3. d4 exd4 4. Bc4 Nf6 5. O-O Nxe4 6. Re1 d5 7. Bxd5 Qxd5 8.
Nc3 Qa5 9. Nxe4 Be6 10. Bg5 Bb4 11. Re2 O-O 12. a3 Be7 13. b4 Qd5 14. Bxe7 Nxe7
15. Qxd4 Nf5 16. Qxd5 Bxd5 17. Ned2 Rfe8 18. Rae1 Nd6 19. Rxe8+ Rxe8 20. Rxe8+
Nxe8 21. c4 Be6 22. Nd4 Bd7 23. Ne4 Kf8 24. f4 Ke7 25. h3 Nd6 26. Nd2 Nf5 27.
Nxf5+ Bxf5 28. g4 Bc2 29. Kf2 h6 30. Ke3 Kd6 31. Ne4+ Bxe4 32. Kxe4 g6 33. g5
hxg5 34. fxg5 Ke6 35. b5 Kd6 36. Kd4 Ke6 1/2-1/2

[Event "XII Open"]
[Site "Condino ITA"]
[Date "2012.07.22"]
[Round "1"]
[White "Caldara, Sisto"]
[Black "Marguerettaz, Davy"]
[WhiteElo "1780"]
[BlackElo "2214"]
[Result "0-1"]
[PlyCount "92"]
[EventDate "2012.07.22"]

1. d4 d5 2. c4 c6 3. Nc3 Nf6 4. Nf3 dxc4 5. a4 Na6 6. e3 Bg4 7. Bxc4 e6 8. O-O
Nb4 9. a5 a6 10. Qe2 Be7 11. Rd1 O-O 12. e4 Bxf3 13. gxf3 Qc7 14. f4 Rfd8 15.
Be3 Rd7 16. Kh1 Rad8 17. Rg1 c5 18. dxc5 Bxc5 19. e5 Qc6+ 20. Rg2 Bxe3 21. exf6
Bxf4 22. Qg4 g5 23. Be2 e5 24. h4 Qxf6 25. hxg5 Qg6 26. f3 Nc2 27. Rag1 Ne3 28.
Qh3 Nxg2 29. Kxg2 Be3 30. Rh1 Bxg5 31. Kf2 f5 32. Bc4+ Kg7 33. Be6 Qxe6 34.
Qxh7+ Kf6 35. Qh3 Rd2+ 36. Ke1 Rxb2 37. Qh7 Qd7 38. Rh6+ Bxh6 39. Qxh6+ Ke7 40.
Qg7+ Kd6 41. Qf6+ Kc7 42. Qxe5+ Kc8 43. Qc5+ Kb8 44. f4 Qd2+ 45. Kf1 Qd1+ 46.
Nxd1 Rxd1# 0-1

[Event "XII Open"]
[Site "Condino ITA"]
[Date "2012.07.22"]
[Round "1"]
[White "Cambria, Gilberto"]
[Black "Buratti, Marco"]
[WhiteElo "1697"]
[BlackElo "1994"]
[Result "0-1"]
[PlyCount "72"]
[EventDate "2012.07.22"]

1. Nf3 Nc6 2. d4 d5 3. Bf4 f6 4. e3 g5 5. Bg3 h5 6. h3 Nh6 7. c4 Nf5 8. cxd5
Nxg3 9. fxg3 Qxd5 10. Bd3 Bh6 11. Bg6+ Kf8 12. O-O g4 13. Nc3 Bxe3+ 14. Kh2 Qg8
15. Ne5 Nxe5 16. dxe5 Qxg6 17. exf6 e5 18. Qd8+ Qe8 19. Rad1 Bd4 20. Qxc7 Qd7
21. Qc4 gxh3 22. Rxd4 Qxd4 23. Qc7 Qd7 24. Qc5+ Kf7 25. Rd1 Qe8 26. Ne4 Qf8 27.
Qxe5 hxg2 28. Nd6+ Kg6 29. Qe4+ Kxf6 30. Kxg2 Kg7 31. Rd5 Qf6 32. Nf5+ Bxf5 33.
Rxf5 Rae8 34. Qf4 Qc6+ 35. Kf2 Qc2+ 36. Kf3 Qe2# 0-1

[Event "XII Open"]
[Site "Condino ITA"]
[Date "2012.07.22"]
[Round "1"]
[White "De Santis, Alessio"]
[Black "Simoncini, Francesco"]
[WhiteElo "2349"]
[BlackElo "1839"]
[Result "1-0"]
[PlyCount "105"]
[EventDate "2012.07.22"]

1. d4 d6 2. Nf3 Nd7 3. d5 e5 4. dxe6 fxe6 5. g3 Ngf6 6. c4 Be7 7. Qc2 O-O 8.
Ng5 Nc5 9. Nc3 h6 10. h4 e5 11. Bg2 c6 12. Be3 Ne6 13. O-O-O hxg5 14. hxg5 Nd7
15. Qh7+ Kf7 16. Qh5+ g6 17. Qh7+ Ke8 18. Qxg6+ Rf7 19. Rh7 Nxg5 20. Bxg5 Bxg5+
21. f4 Bxf4+ 22. gxf4 Qf6 23. Qxf6 Nxf6 24. Rh8+ Ke7 25. fxe5 dxe5 26. Rdd8 Rh7
27. Rhf8 Bh3 28. Rxa8 Bxg2 29. Rfb8 Ke6 30. Rxa7 c5 31. Raa8 Bc6 32. Rh8 Rg7
33. Rad8 e4 34. Rh6 Ke7 35. Rd1 e3 36. Rh3 Ng4 37. Rg3 Kf6 38. Rdg1 Kf5 39.
Rxe3 Nxe3 40. Rxg7 Nxc4 41. b3 Nd6 42. Kd2 Ke5 43. Rg5+ Ke6 44. Rxc5 Be4 45.
Ke3 Bc6 46. Kf4 Nf7 47. Rh5 Kf6 48. e4 Kg6 49. Rf5 Nd8 50. Ke5 Nf7+ 51. Ke6
Ng5+ 52. Ke7 Bxe4 53. Rxg5+ 1-0

[Event "XII Open"]
[Site "Condino ITA"]
[Date "2012.07.22"]
[Round "1"]
[White "Lezzerini, Marco"]
[Black "Bondoni, Bernardino"]
[WhiteElo "1948"]
[BlackElo "1584"]
[Result "1-0"]
[PlyCount "61"]
[EventDate "2012.07.22"]

1. c4 e5 2. g3 c6 3. d4 exd4 4. Qxd4 Nf6 5. Bg2 Be7 6. e4 O-O 7. Ne2 b6 8. O-O
h6 9. Nbc3 Bb7 10. Bf4 Re8 11. Rad1 Bc5 12. Qd2 a6 13. a3 b5 14. b4 Bb6 15. c5
Bc7 16. Bxc7 Qxc7 17. f4 a5 18. e5 Nh7 19. Ne4 Re7 20. Nd4 axb4 21. Nf5 Re6 22.
axb4 Nf8 23. Qe2 Na6 24. Qg4 Rg6 25. Ne7+ Kh7 26. Nxg6 Nxg6 27. Rb1 Bc8 28. Nd6
Qd8 29. Nxf7 Qe7 30. Nd6 Nc7 31. Be4 1-0

[Event "XII Open"]
[Site "Condino ITA"]
[Date "2012.07.22"]
[Round "1"]
[White "Licandro, Michele"]
[Black "Nepi, Ezio"]
[WhiteElo "1577"]
[BlackElo "1927"]
[Result "0-1"]
[PlyCount "102"]
[EventDate "2012.07.22"]

1. d4 d5 2. Bf4 Nf6 3. e3 c5 4. c3 Nc6 5. Bd3 Qb6 6. Qb3 c4 7. Qxb6 axb6 8. Bc2
b5 9. Nf3 b4 10. a3 b3 11. Bd1 Bf5 12. O-O e6 13. Nbd2 h6 14. h3 Be7 15. Ne5
Nxe5 16. Bxe5 O-O 17. Bf3 Nd7 18. e4 Nxe5 19. dxe5 dxe4 20. Nxe4 Ra5 21. Ng3
Bd3 22. Rfe1 b6 23. a4 Rd8 24. Bc6 Rc5 25. Bb5 Bh4 26. Kh2 Bg5 27. Rad1 Bf4 28.
f3 Rdd5 29. h4 Rxe5 30. Kh3 Bxg3 31. Kxg3 g5 32. Rxe5 Rxe5 33. Rd2 Kg7 34. hxg5
hxg5 35. Kf2 f5 36. g3 f4 37. gxf4 gxf4 38. Rxd3 cxd3 39. Bxd3 Rh5 40. Bf1 Kf6
41. Ke1 Rh1 42. Kf2 Rh2+ 43. Bg2 Ke5 44. Kg1 Rh8 45. Kf2 Ra8 46. Ke2 Rxa4 47.
Kd3 Ra2 48. Kc4 Rxb2 49. Bf1 Rf2 50. Bd3 b2 51. Be4 Rxf3 0-1

[Event "XII Open"]
[Site "Condino ITA"]
[Date "2012.07.22"]
[Round "1"]
[White "Medancic, Rikard"]
[Black "Weinberg, Emanuele"]
[WhiteElo "2223"]
[BlackElo "1786"]
[Result "1-0"]
[PlyCount "49"]
[EventDate "2012.07.22"]

1. d4 Nf6 2. Nf3 g6 3. Bg5 Bg7 4. Nbd2 d6 5. e4 Nbd7 6. c3 c5 7. Be2 Qc7 8. h3
O-O 9. O-O a6 10. a4 Rb8 11. Re1 e5 12. dxe5 dxe5 13. Qc2 b5 14. Bf1 c4 15.
axb5 axb5 16. b3 Nb6 17. bxc4 bxc4 18. Ra5 Ne8 19. Qa2 Be6 20. Rb1 f6 21. Be3
Nd6 22. Ra7 Qd8 23. Ra6 Na8 24. Rxb8 Qxb8 25. Bc5 1-0

[Event "XII Open"]
[Site "Condino ITA"]
[Date "2012.07.22"]
[Round "1"]
[White "Murgia, Andrea"]
[Black "Menon, Michele"]
[WhiteElo "2017"]
[BlackElo "1747"]
[Result "1-0"]
[PlyCount "47"]
[EventDate "2012.07.22"]

1. e4 d6 2. d4 e5 3. Bc4 Be7 4. dxe5 dxe5 5. Qh5 g6 6. Qxe5 Nf6 7. Bf4 Nbd7 8.
Qxc7 Qxc7 9. Bxc7 Nxe4 10. Nf3 O-O 11. O-O Bc5 12. Nbd2 Ndf6 13. Rae1 Nxf2 14.
Rxf2 Ng4 15. Ne4 Bxf2+ 16. Nxf2 Nxf2 17. Kxf2 Bg4 18. Bd6 Rfd8 19. Be7 Rdc8 20.
Bb3 Bf5 21. Ng5 Bxc2 22. Bxf7+ Kg7 23. Bd5 Bd3 24. Ne6+ 1-0

[Event "XII Open"]
[Site "Condino ITA"]
[Date "2012.07.22"]
[Round "1"]
[White "Panjkovic, Aleksandar"]
[Black "Menichini, Massimo"]
[WhiteElo "2163"]
[BlackElo "1776"]
[Result "1-0"]
[PlyCount "63"]
[EventDate "2012.07.22"]

1. e4 c5 2. Nc3 e5 3. Nf3 d6 4. Bc4 Be7 5. d3 Nf6 6. Be3 Bg4 7. h3 Bh5 8. g4
Bg6 9. Qd2 Nc6 10. O-O-O Qa5 11. Kb1 a6 12. h4 h5 13. g5 Ng4 14. Nd5 Qd8 15.
Nh2 Nxe3 16. Nxe3 b5 17. Bd5 Rc8 18. Rdf1 Nb4 19. f4 exf4 20. Rxf4 Nxd5 21.
Nxd5 O-O 22. Rhf1 c4 23. Nf3 f6 24. Nd4 Qd7 25. Nb6 Qa7 26. Nxc8 Rxc8 27. Nf5
Bxf5 28. Rxf5 Qd4 29. Rd5 Qb6 30. Qe2 c3 31. Qxh5 Kf8 32. Qh8+ 1-0

[Event "XII Open"]
[Site "Condino ITA"]
[Date "2012.07.22"]
[Round "1"]
[White "Pedrotti, Luciano"]
[Black "Brun, Dario"]
[WhiteElo "1812"]
[BlackElo "2262"]
[Result "1/2-1/2"]
[PlyCount "119"]
[EventDate "2012.07.22"]

1. e4 e5 2. Nf3 Nc6 3. Bb5 f5 4. d3 fxe4 5. dxe4 Nf6 6. O-O Bc5 7. Bg5 d6 8.
Nc3 O-O 9. Nd5 Kh8 10. c3 Ne7 11. Nxf6 gxf6 12. Bh4 Ng6 13. Bg3 f5 14. exf5
Bxf5 15. Qd2 Qf6 16. Qg5 Qg7 17. Nh4 Nxh4 18. Qxg7+ Kxg7 19. Bxh4 c6 20. Be2 d5
21. b4 Bb6 22. g4 Bg6 23. Kg2 Rae8 24. Rae1 a5 25. a3 axb4 26. axb4 Ra8 27. Ra1
d4 28. cxd4 Bxd4 29. Rad1 Be4+ 30. f3 Ra2 31. fxe4 Rxe2+ 32. Kh1 Rxf1+ 33. Rxf1
Rxe4 34. h3 Bc3 35. Bf6+ Kg8 36. Rf5 Bxb4 37. Bxe5 Be7 38. Kg2 Re3 39. Bd4 Rd3
40. Bf2 Rd5 41. Rxd5 cxd5 42. Bb6 Kf7 43. Kf3 Ke6 44. Kf4 Bf6 45. g5 Be5+ 46.
Kg4 d4 47. h4 Kd5 48. Kf5 Bh8 49. Kf4 Kc4 50. Ke4 Kc3 51. h5 d3 52. g6 hxg6 53.
hxg6 Kc2 54. Ba5 Bg7 55. Kd5 Kb3 56. Kc5 Ka4 57. Bd2 b5 58. Bc1 Bb2 59. Bd2 Ba1
60. Bc1 1/2-1/2

[Event "XII Open"]
[Site "Condino ITA"]
[Date "2012.07.22"]
[Round "1"]
[White "Pellicoro, Roberto"]
[Black "Girelli, Sergio"]
[WhiteElo "1530"]
[BlackElo "1889"]
[Result "1/2-1/2"]
[PlyCount "154"]
[EventDate "2012.07.22"]

1. e4 c5 2. Nf3 d6 3. Bc4 Nc6 4. O-O e6 5. d4 cxd4 6. Nxd4 Nf6 7. Bb5 Bd7 8.
Nc3 Be7 9. Bg5 O-O 10. Nxc6 Bxc6 11. Bd3 Qc7 12. Qf3 Rac8 13. Qh3 e5 14. f4 Bd7
15. Qg3 Nh5 16. Qh4 Bxg5 17. fxg5 Nf4 18. Nd5 Qc5+ 19. Kh1 Ng6 20. Qh5 Be6 21.
Rad1 Bxd5 22. exd5 Qxd5 23. Bf5 Qxa2 24. Bxc8 Rxc8 25. Qf3 Qe6 26. Qxb7 Rxc2
27. Qb8+ Rc8 28. Qxa7 Nf4 29. Qb7 Qc4 30. b3 Qc6 31. Qxc6 Rxc6 32. b4 Kf8 33.
g3 Ne6 34. h4 Rb6 35. Rfe1 Rxb4 36. Rxd6 Rb5 37. Rc1 Ke7 38. Ra6 Rb7 39. Re1 f6
40. Kh2 Nd4 41. gxf6+ gxf6 42. Rf1 f5 43. Ra5 Ke6 44. Ra6+ Kd5 45. Ra5+ Ke6 46.
Ra6+ Kd5 47. Rd1 Rd7 48. Ra5+ Ke6 49. Kg2 Rg7 50. Re1 f4 51. Raxe5+ Kf6 52. Rg5
Rxg5 53. hxg5+ Kxg5 54. Re5+ Nf5 55. gxf4+ Kxf4 56. Re8 h5 57. Rh8 Kg4 58. Rg8+
Kf4 59. Kh3 h4 60. Rf8 Kg5 61. Rf7 Kf4 62. Ra7 Kg5 63. Ra4 Kh5 64. Rg4 Kh6 65.
Rg8 Kh5 66. Kg2 Nd4 67. Rf8 Kg4 68. Kf2 h3 69. Rg8+ Kh4 70. Ke3 Nf5+ 71. Kf4
Ng3 72. Rxg3 h2 73. Rg8 Kh3 74. Rg3+ Kh4 75. Rg8 Kh3 76. Rh8+ Kg2 77. Rg8+ Kh3
1/2-1/2

[Event "XII Open"]
[Site "Condino ITA"]
[Date "2012.07.22"]
[Round "1"]
[White "Petragnani, Alessandro"]
[Black "Simoni, Giulio"]
[WhiteElo "1963"]
[BlackElo "1680"]
[Result "1/2-1/2"]
[PlyCount "58"]
[EventDate "2012.07.22"]

1. c4 Nf6 2. g3 e6 3. Bg2 d5 4. Nf3 c6 5. b3 Bd6 6. Bb2 Nbd7 7. cxd5 exd5 8.
O-O O-O 9. Nc3 Re8 10. d3 a6 11. Qc2 Ne5 12. Nd2 Ng6 13. h3 Bd7 14. e4 Qc8 15.
Kh2 Nh4 16. Rh1 Nxg2 17. Kxg2 dxe4 18. Ncxe4 Nxe4 19. dxe4 Qc7 20. Nc4 f6 21.
Nxd6 Qxd6 22. Rad1 Qe7 23. Rhe1 Qe6 24. g4 Rad8 25. Re3 Bc8 26. Rd4 Rxd4 27.
Bxd4 Qd6 28. Qc5 Qxc5 29. Bxc5 Kf7 1/2-1/2

[Event "XII Open"]
[Site "Condino ITA"]
[Date "2012.07.22"]
[Round "1"]
[White "Petragnani, Gian Giacomo"]
[Black "Innocenti, Luca"]
[WhiteElo "1733"]
[BlackElo "2004"]
[Result "0-1"]
[PlyCount "80"]
[EventDate "2012.07.22"]

1. c4 e6 2. g3 Nf6 3. Bg2 d5 4. Nf3 Be7 5. Nc3 O-O 6. cxd5 exd5 7. d4 Nbd7 8.
O-O c6 9. Re1 Re8 10. e4 Nxe4 11. Nxe4 dxe4 12. Rxe4 Nf6 13. Re1 Be6 14. a3 Qb6
15. b4 Rad8 16. Rb1 Bd5 17. Be3 Ne4 18. Qe2 Bf6 19. Ne5 Nd6 20. Bxd5 cxd5 21.
a4 Rc8 22. Qd3 Nc4 23. Bf4 Re6 24. Nxc4 Rxc4 25. Qf3 Rxb4 26. Rbc1 Rxe1+ 27.
Rxe1 Rb1 28. Qe3 h6 29. Be5 Qb4 30. Rxb1 Qxb1+ 31. Kg2 Qe4+ 32. Qxe4 dxe4 33.
f4 exf3+ 34. Kxf3 Bxe5 35. dxe5 Kf8 36. Ke4 Ke7 37. Kd5 Kd7 38. h3 a6 39. h4 b5
40. axb5 axb5 0-1

[Event "XII Open"]
[Site "Condino ITA"]
[Date "2012.07.22"]
[Round "1"]
[White "Pieri, Enzo"]
[Black "Garonzi, Martino"]
[WhiteElo "1750"]
[BlackElo "2025"]
[Result "0-1"]
[PlyCount "80"]
[EventDate "2012.07.22"]

1. d4 Nf6 2. c4 g6 3. Nc3 Bg7 4. Nf3 d6 5. g3 O-O 6. Bg2 Nbd7 7. O-O c6 8. b3
Qc7 9. Bb2 e5 10. e4 Re8 11. Qc2 Nf8 12. Rad1 Bg4 13. h3 Bd7 14. dxe5 dxe5 15.
Ba3 Rad8 16. Bd6 Qc8 17. Kh2 Nh5 18. Qc1 f6 19. Qa3 Be6 20. Qxa7 Nd7 21. c5 Qa8
22. Qxa8 Rxa8 23. Na4 Bf8 24. Bxf8 Kxf8 25. Rd6 Ke7 26. Rfd1 Ra5 27. R1d2 Nxc5
28. Nxc5 Rxc5 29. Bf1 Bd5 30. R6xd5 cxd5 31. exd5 Rd8 32. a4 Rdxd5 33. Rxd5
Rxd5 34. Bc4 Rd8 35. Kg2 e4 36. Ne1 f5 37. Nc2 Nf6 38. Ne3 Kd6 39. f3 Kc5 40.
fxe4 Nxe4 0-1

[Event "XII Open"]
[Site "Condino ITA"]
[Date "2012.07.22"]
[Round "1"]
[White "Sanzani, Pierluigi"]
[Black "Rigo, Nicola"]
[WhiteElo "1859"]
[BlackElo "1305"]
[Result "1-0"]
[PlyCount "51"]
[EventDate "2012.07.22"]

1. e4 d5 2. exd5 Qxd5 3. Nc3 Qd8 4. d4 e6 5. Nf3 Nf6 6. Bc4 c6 7. O-O b5 8. Bb3
Bb4 9. Qd3 O-O 10. Bg5 Nbd7 11. Ne4 h6 12. Bh4 c5 13. Nxf6+ Nxf6 14. Qxb5 a6
15. Qd3 c4 16. Bxc4 Qd6 17. c3 Ba5 18. Bxf6 Bb7 19. Be5 Qe7 20. Rfe1 Bxf3 21.
Qxf3 f6 22. Bg3 f5 23. Rxe6 Qg5 24. Rg6+ Kh7 25. Rxg5 hxg5 26. Qh5# 1-0

[Event "XII Open"]
[Site "Condino ITA"]
[Date "2012.07.22"]
[Round "1"]
[White "Weil, Dany"]
[Black "Calabrese, Maurizio"]
[WhiteElo "1901"]
[BlackElo "1541"]
[Result "1-0"]
[PlyCount "65"]
[EventDate "2012.07.22"]

1. d4 Nf6 2. c4 e6 3. Nf3 c5 4. e3 b6 5. Nc3 Bb7 6. Bd3 a6 7. O-O d6 8. e4 Nbd7
9. Re1 cxd4 10. Nxd4 Nc5 11. Bc2 Qc7 12. b4 Ncd7 13. Qe2 Be7 14. Bb2 O-O 15.
Rad1 Rac8 16. Bb3 Rfe8 17. Nf3 Ba8 18. Rd2 Nh5 19. Red1 Nf4 20. Qe3 Ng6 21. Ne2
e5 22. Ng3 Nf4 23. Nf5 Nf6 24. Ng5 Red8 25. f3 h6 26. Nxe7+ Qxe7 27. Nxf7 Kxf7
28. Qxb6 Rc6 29. Qa5 Qa7+ 30. c5+ Ke7 31. Bxe5 Ne8 32. Bxf4 Kd7 33. Ba4 1-0

[Event "XII Open"]
[Site "Condino ITA"]
[Date "2012.07.22"]
[Round "2"]
[White "Bondoni, Bernardino"]
[Black "Caldara, Sisto"]
[WhiteElo "1584"]
[BlackElo "1780"]
[Result "0-1"]
[PlyCount "66"]
[EventDate "2012.07.22"]

1. d4 f5 2. c4 Nf6 3. Nf3 g6 4. Nc3 Bg7 5. e3 d6 6. Be2 O-O 7. O-O Qe8 8. Re1
Nc6 9. a3 e5 10. d5 Ne7 11. h3 h6 12. Nh2 Bd7 13. Qc2 Rc8 14. Bd2 Qf7 15. Rad1
g5 16. e4 Nxe4 17. Nxe4 fxe4 18. Rf1 Bf5 19. Be3 a6 20. c5 Kh8 21. Qd2 Ng6 22.
Bh5 Qe7 23. g4 Nf4 24. Bxf4 gxf4 25. gxf5 Qg5+ 26. Bg4 h5 27. h4 Qxh4 28. Be2
f3 29. Kh1 fxe2 30. Qxe2 Rxf5 31. Qe3 Rf3 32. Qe2 Bh6 33. Rde1 Bf4 0-1

[Event "XII Open"]
[Site "Condino ITA"]
[Date "2012.07.22"]
[Round "2"]
[White "Brun, Dario"]
[Black "Bortolotti, Silvano"]
[WhiteElo "2262"]
[BlackElo "1772"]
[Result "1-0"]
[PlyCount "63"]
[EventDate "2012.07.22"]

1. d4 d5 2. c4 Nc6 3. Nc3 Nf6 4. Nf3 Bf5 5. cxd5 Nxd5 6. Qb3 e6 7. e4 Nxc3 8.
exf5 Nd5 9. Bd2 Bb4 10. Bxb4 Ndxb4 11. fxe6 fxe6 12. a3 Qd5 13. Qxd5 Nxd5 14.
Bb5 Nde7 15. Ng5 O-O-O 16. Bxc6 Nxc6 17. Nf7 Nxd4 18. O-O Rhf8 19. Nxd8 Kxd8
20. Rad1 c5 21. Rfe1 Ke7 22. Re4 Rd8 23. Kf1 Rd6 24. f4 a5 25. Re5 b6 26. g4 g6
27. Rd3 Nc6 28. Ree3 Rxd3 29. Rxd3 a4 30. Rh3 Kf6 31. Rxh7 Ne7 32. g5+ 1-0

[Event "XII Open"]
[Site "Condino ITA"]
[Date "2012.07.22"]
[Round "2"]
[White "Buratti, Marco"]
[Black "De Santis, Alessio"]
[WhiteElo "1994"]
[BlackElo "2349"]
[Result "0-1"]
[PlyCount "92"]
[EventDate "2012.07.22"]

1. e4 b6 2. Nc3 Bb7 3. d4 e6 4. Nf3 Nf6 5. e5 Ne4 6. Nxe4 Bxe4 7. Bd3 Bxd3 8.
Qxd3 d5 9. exd6 Qxd6 10. Qe4 Qc6 11. Qxc6+ Nxc6 12. Bf4 O-O-O 13. O-O-O Bd6 14.
Bxd6 Rxd6 15. c3 h6 16. h4 Rhd8 17. Ne5 Nxe5 18. dxe5 Rd5 19. Rhe1 h5 20. Rxd5
Rxd5 21. Re3 Kd7 22. Kc2 Ke7 23. Re4 f6 24. exf6+ gxf6 25. c4 Rd8 26. c5 b5 27.
Re3 Rd5 28. Ra3 Rxc5+ 29. Kb3 Rf5 30. Rxa7 Kd6 31. Rb7 Kc6 32. Rb8 Rxf2 33. Rg8
Kc5 34. g4 Rf3+ 35. Kc2 Rf2+ 36. Kb3 hxg4 37. Rxg4 f5 38. Rg7 c6 39. h5 Rh2 40.
Rg6 Kd5 41. h6 c5 42. Kc3 f4 43. a3 c4 44. Rf6 Ke5 45. Rf7 Rxh6 46. Rb7 Rh3+
0-1

[Event "XII Open"]
[Site "Condino ITA"]
[Date "2012.07.22"]
[Round "2"]
[White "Forno, Diego"]
[Black "De Paoli, Emilio"]
[WhiteElo "1715"]
[BlackElo "1851"]
[Result "0-1"]
[PlyCount "60"]
[EventDate "2012.07.22"]

1. f4 f5 2. Nf3 Nf6 3. e3 d6 4. d4 Nbd7 5. c3 g6 6. Bc4 Nb6 7. Bb3 a5 8. Ng5
Nbd5 9. Qf3 c6 10. e4 fxe4 11. Nxe4 Nxe4 12. Qxe4 Bf5 13. Qe2 Qd7 14. O-O O-O-O
15. Bd2 Bh6 16. c4 Nb4 17. a3 Bd3 18. Qf3 Bxf1 19. axb4 Bxg2 20. Qxg2 axb4 21.
Bxb4 Qe6 22. d5 Qe3+ 23. Kh1 c5 24. Ra8+ Kc7 25. Rxd8 Rxd8 26. Bc3 Qc1+ 27. Qg1
Qxf4 28. Na3 Rf8 29. Qe1 Qf3+ 30. Kg1 Be3+ 0-1

[Event "XII Open"]
[Site "Condino ITA"]
[Date "2012.07.22"]
[Round "2"]
[White "Forno, Roberto"]
[Black "Murgia, Andrea"]
[WhiteElo "1883"]
[BlackElo "2017"]
[Result "1-0"]
[PlyCount "51"]
[EventDate "2012.07.22"]

1. e4 e5 2. Nf3 Nc6 3. Bb5 a6 4. Ba4 d6 5. O-O Nge7 6. d4 b5 7. Bb3 Nxd4 8.
Nxd4 exd4 9. a4 Bb7 10. Re1 c5 11. axb5 axb5 12. Rxa8 Qxa8 13. Na3 Ba6 14. e5
d5 15. Qf3 c4 16. Nxc4 bxc4 17. Ba4+ Kd8 18. Qxf7 Bc8 19. Qe8+ Kc7 20. e6 Qa5
21. Bf4+ Kb7 22. Ra1 Qb6 23. Bb5 Qxe6 24. Qd8 Qb6 25. Ba6+ Qxa6 26. Qc7+ 1-0

[Event "XII Open"]
[Site "Condino ITA"]
[Date "2012.07.22"]
[Round "2"]
[White "Galas, Franco"]
[Black "Calabrese, Maurizio"]
[WhiteElo "1756"]
[BlackElo "1541"]
[Result "0-1"]
[PlyCount "126"]
[EventDate "2012.07.22"]

1. d4 c6 2. Nf3 g6 3. e3 d6 4. c3 Nd7 5. Bd3 e5 6. dxe5 Nxe5 7. Nxe5 dxe5 8.
Qc2 Bh6 9. Na3 Ne7 10. O-O Bg7 11. e4 O-O 12. Be3 Re8 13. Rad1 Qc7 14. Nc4 Be6
15. a3 Rad8 16. Nd2 Nc8 17. Nf3 f6 18. h3 b6 19. Nh2 Nd6 20. b3 Qf7 21. c4 b5
22. Rc1 Rd7 23. f3 Red8 24. Ng4 Nb7 25. Be2 a6 26. f4 exf4 27. Bxf4 f5 28. Bg5
Re8 29. cxb5 cxb5 30. Bh6 Bxb3 31. Qc6 Qe6 32. Bxg7 Kxg7 33. Qc3+ Kf7 34. Nh6+
Ke7 35. Qb4+ Kd8 36. Rb1 Bc4 37. Bxc4 Qxc4 38. exf5 Qxb4 39. axb4 gxf5 40. Rxf5
Nd6 41. Rd5 Re6 42. Ng4 Nc4 43. Rxd7+ Kxd7 44. Rd1+ Ke7 45. Nf2 Re2 46. Nd3 Ne3
47. Nf4 Rxg2+ 48. Nxg2 Nxd1 49. Kf1 Kf6 50. Ke2 Nc3+ 51. Kd2 Nd5 52. Kd3 Nxb4+
53. Kd4 Kg5 54. Kc5 Nc2 55. Kd5 a5 56. Kc5 b4 57. Kc4 a4 58. Kd3 b3 59. Kc3 Kf5
60. Kb2 Ke4 61. Nh4 Kf4 62. Kc3 Kg3 63. Nf5+ Kxh3 0-1

[Event "XII Open"]
[Site "Condino ITA"]
[Date "2012.07.22"]
[Round "2"]
[White "Garonzi, Martino"]
[Black "Schaberg, Wolfgang"]
[WhiteElo "2025"]
[BlackElo "1887"]
[Result "0-1"]
[PlyCount "66"]
[EventDate "2012.07.22"]

1. e4 d6 2. d4 Nf6 3. Nc3 g6 4. f3 Bg7 5. Be3 b6 6. Bc4 Ba6 7. Qd3 Bxc4 8. Qxc4
c5 9. O-O-O cxd4 10. Bxd4 Nbd7 11. Nd5 O-O 12. Ne2 e6 13. Nxf6+ Nxf6 14. Be5 d5
15. Qb4 a5 16. Qa3 Re8 17. Rhe1 b5 18. exd5 Nxd5 19. Bxg7 Kxg7 20. f4 Qc7 21.
g3 Rec8 22. Qd3 Kg8 23. Nd4 Rab8 24. Kb1 a4 25. Qe2 a3 26. Rd3 b4 27. Rc1 axb2
28. Kxb2 Nc3 29. Qe5 Qa7 30. Rxc3 bxc3+ 31. Ka1 Qxa2+ 32. Kxa2 Rb2+ 33. Ka3
Ra8+ 0-1

[Event "XII Open"]
[Site "Condino ITA"]
[Date "2012.07.22"]
[Round "2"]
[White "Marguerettaz, Davy"]
[Black "Lezzerini, Marco"]
[WhiteElo "2214"]
[BlackElo "1948"]
[Result "1-0"]
[PlyCount "67"]
[EventDate "2012.07.22"]

1. d4 d6 2. e4 Nf6 3. Nc3 g6 4. g3 Bg7 5. Bg2 O-O 6. Nge2 Nbd7 7. O-O e5 8. h3
b6 9. Bg5 h6 10. Be3 Bb7 11. d5 a5 12. Qd2 Kh7 13. a3 Qe7 14. Nb5 Nc5 15. f3
Ba6 16. Nbc3 Ng8 17. Rf2 f5 18. exf5 gxf5 19. f4 Rae8 20. fxe5 dxe5 21. Raf1
Bc8 22. b4 axb4 23. axb4 Nb7 24. Nb5 Nd6 25. Nxd6 Qxd6 26. c4 Rd8 27. c5 Qg6
28. Kh2 Ne7 29. Nc3 Bb7 30. Qa2 Qf7 31. d6 Qxa2 32. Nxa2 Nd5 33. Bxd5 Bxd5 34.
dxc7 1-0

[Event "XII Open"]
[Site "Condino ITA"]
[Date "2012.07.22"]
[Round "2"]
[White "Menichini, Massimo"]
[Black "Licandro, Michele"]
[WhiteElo "1776"]
[BlackElo "1577"]
[Result "1/2-1/2"]
[PlyCount "133"]
[EventDate "2012.07.22"]

1. e4 c5 2. Nf3 d6 3. Nc3 Nc6 4. d4 cxd4 5. Nxd4 g6 6. Bc4 Bg7 7. Be3 Nf6 8.
O-O Ng4 9. Nxc6 bxc6 10. Bg5 O-O 11. h3 Ne5 12. Bb3 a5 13. f4 Nd7 14. Qf3 Nc5
15. Bc4 Ne6 16. Bxe6 Bxe6 17. Rad1 f6 18. Bh4 Qb6+ 19. Kh1 g5 20. Bg3 Bc4 21.
Rfe1 Qxb2 22. Ne2 Qxa2 23. Nd4 Bb5 24. Qg4 Qf7 25. Ne6 Rfc8 26. fxg5 Bc4 27.
Nf4 e5 28. g6 hxg6 29. Nxg6 Be6 30. Qh5 d5 31. exd5 cxd5 32. Rf1 Rxc2 33. Bxe5
f5 34. Bxg7 Kxg7 35. Nf4 Qxh5 36. Nxh5+ Kf7 37. Nf4 Rc5 38. Nd3 Rb5 39. Ne5+
Kf6 40. Nf3 Rb4 41. Rfe1 a4 42. Kh2 a3 43. Ra1 Re4 44. Red1 Re2 45. Nd4 Rb2 46.
Re1 Ra6 47. Nxe6 Rxe6 48. Rxe6+ Kxe6 49. Rxa3 d4 50. Rd3 Ke5 51. Kg3 Rc2 52.
Rd1 Re2 53. h4 f4+ 54. Kf3 Re3+ 55. Kf2 d3 56. h5 Kf5 57. h6 Kg6 58. Rh1 Kh7
59. Kf1 d2 60. Kf2 Re4 61. Rd1 Rd4 62. Ke2 Kxh6 63. Rxd2 Rxd2+ 64. Kxd2 Kg5 65.
Ke2 Kg4 66. Kf2 Kh4 67. Kf3 1/2-1/2